LEADER 01179nam a2200241 i 4500 001 000000215350 003 CaOOAMICUS 005 20120820000000.0 008 120820s1959 it u000 u ita u 013 $a194222 040 $aSeMil$bita 100 1 $aOrsini, Giustino Renato.$0(OLS)http://semarc/name/76427 245 10$aStoria di Morbegno :$bcon riferimento ai paesi viciniori e alla Valtellina /$cGiustino Renato Orsini ; prefazione di Gian Piero Bognetti. 260 $aSondrio :$bGuido Bettini,$c1959. 300 $aVII, 226 p., [1] c. di tav. :$bill. ;$c25 cm. 490 0 $aRaccolta di studi storici sulla Valtellina ;$v13 650 4$aMorbegno.$0(OLS)http://semarc/subject/40120 700 1 $aBognetti, Gian Piero,$d<1902-1963>.$0(OLS)http://semarc/name/9672 830 0$aRaccolta di studi storici sulla Valtellina ;$v13.$0(OLS)http://semarc/title/12433 850 $aSeMil 852 $aSeMil$W1$xVenegono$y1$m3P IV 174$j165770$B165770$CSeMilBibl$Z2$F176739 $81 996 $6245$aStoria di Morbegno :$bcon riferimento ai paesi viciniori e alla Valtellina$9(OLS)http://semarc/title/310035 996 $6260$aSondrio :$bGuido Bettini$9(OLS)http://semarc/publisher/39299 LEADER 01366nam a2200241 i 4500 001 000000053842 003 CaOOAMICUS 005 20101115000000.0 008 101115s1939 xx u000 u ger u 013 $a25014 040 $aSeMil$bita 100 1 $aFellermeier, Jakob.$0(OLS)http://semarc/name/26647 245 14$aDas Obligationsprinzip bei Gabriel Vazquez /$cJakob Fellermeier. 260 $aRoma :$bScuola Salesiana del Libro,$c1939. 300 $a35 p. ;$c24 cm. 490 0 $aExcerpta ex Dissertatione ad lauream in Facultate theologica Pontificiae Univeritatis Gregorianae = Auszug aus der Doktordissertation an der theologischen Fakultät der päpstlichen Universität Gregoriana 500 $aIn testa al front. : Pontificia Universitas Gregoriana. 650 4$aVazquez, Gabriel.$0(OLS)http://semarc/subject/10768 830 0$aExcerpta ex Dissertatione ad lauream in Facultate theologica Pontificiae Univeritatis Gregorianae = Auszug aus der Doktordissertation an der theologischen Fakultät der päpstlichen Universität Gregoriana.$0(OLS)http://semarc/title/82571 850 $aSeMil 852 $aSeMil$W1$xVenegono$y1$m2I I 192$j19996$B19996$CSeMilBibl$Z2$F19998 $81 996 $6245$aDas Obligationsprinzip bei Gabriel Vazquez$9(OLS)http://semarc/title/83088 996 $6260$aRoma :$bScuola Salesiana del Libro$9(OLS)http://semarc/publisher/34511